Catálogo

ASPECTOS LEGALES DE LA CONSTRUCCION (Registro nro. 23153)

Detalles MARC
000 -LEADER
fixed length control field 00401nam a2200157 a 4500
001 - CONTROL NUMBER
control field 23153
005 - DATE AND TIME OF LATEST TRANSACTION
control field 20180713221156.0
008 - FIXED-LENGTH DATA ELEMENTS--GENERAL INFORMATION
fixed length control field 140415s1972 mx 000 0 spa d
041 ## - LANGUAGE CODE
Language code of text/sound track or separate title spa
082 ## - DEWEY DECIMAL CLASSIFICATION NUMBER
Classification number 352.92
Item number ASP
245 00 - TITLE STATEMENT
Title ASPECTOS LEGALES DE LA CONSTRUCCION
250 ## - EDITION STATEMENT
Edition statement 1a ed.
260 ## - PUBLICATION, DISTRIBUTION, ETC.
Place of publication, distribution, etc. MEXICO :
Name of publisher, distributor, etc. DIANA,
Date of publication, distribution, etc. 1972
300 ## - PHYSICAL DESCRIPTION
Extent 213
650 14 - SUBJECT ADDED ENTRY--TOPICAL TERM
Topical term or geographic name entry element CONSTRUCCION
General subdivision LEGALIZACION
Existencias
Withdrawn status Lost status Source of classification or shelving scheme Damaged status Not for loan Collection code Home library Current library Shelving location Date acquired Source of acquisition Inventory number Total Checkouts Full call number Barcode Date last seen Date last checked out Price effective from Koha item type
    Dewey Decimal Classification     General Biblioteca Karol Wojtyla Biblioteca Karol Wojtyla Sala general 03/12/2013 Compra 151000000000000000048372   352.92 ASP 43915 05/01/2026 06/04/2015 03/12/2013 Libro
    Dewey Decimal Classification     General Biblioteca Karol Wojtyla Biblioteca Karol Wojtyla Sala general 03/12/2013 Compra 151000000000000000048373   352.92 ASP 43916 05/01/2026   03/12/2013 Libro